000 00346nam a2200145Ia 4500
005 20251222141917.0
008 251222s9999||||xx |||||||||||||| ||spa||
020 _a8420470219
082 _a709.032/S32
100 _aSebastián, Santiago
245 0 _aContrarreforma y Barroca
250 _a1ra.ed.
264 _bAlianza Editorial
942 _cLIB
999 _c8599
_d8599